World Cup Winners for 6 sports - Statistics

General Stats
  • This quiz has been taken 62 times
  • The average score is 17 of 22
Answer Stats
Answer % Correct
Argentina
100%
Brazil
100%
Germany
98%
Spain
98%
England
97%
France
97%
United States
97%
Australia
95%
India
95%
Italy
95%
Uruguay
93%
New Zealand
91%
Pakistan
91%
South Africa
81%
Russia / USSR
74%
Netherlands
64%
Yugoslavia
59%
Belgium
55%
Sri Lanka
52%
West Indies
38%
Cuba
29%
East Germany
7%
No matching quizzes found
Score Distribution
Percent of People with Each Score
Percentile by Number Answered
Your Score History
You have not taken this quiz